| 000 | 00769nam a22002297a 4500 | ||
|---|---|---|---|
| 001 | 6319 | ||
| 003 | FISKH | ||
| 005 | 20250530105526.0 | ||
| 008 | 250421b cb ||||| |||| 00| 0 eng d | ||
| 040 |
_aFISKH _bkhr _cFISKH _dFISKH |
||
| 050 | _aPZ7 | ||
| 082 | _a895.93220 | ||
| 100 | _aLeangkim, Eung | ||
| 245 |
_aសព្វសិទ្ធិ : _bអត្ថបទរឿងអមដោយរូបភាព / _cBy Eung Leangkim |
||
| 260 |
_aPhnom Penh : _c2011 . |
||
| 300 |
_a47 pages : _billustrations ; _c21 cm . |
||
| 650 |
_aសព្វសិទ្ធិ _vអក្សរសិល្ប៏ខ្មែរបុរាណ |
||
| 650 |
_aSobseth _vKhmer Literature |
||
| 700 |
_aRatana, Kleung _eIllustrator |
||
| 942 |
_2ddc _cKHB _n0 |
||
| 999 |
_c6319 _d6319 |
||